Statistics for Buddhism A-Z

Click here to take the quiz!

General Stats

  • This quiz has been taken 538 times
  • The average score is 15 of 25

Answer Stats

ClueAnswer% Correct
DSpiritual leader of TibetDalai Lama
93%
HReligion from which Buddhism is derivedHinduism
93%
NState of inner peace reached at the end of lifeNirvāna
91%
LFlower that represents one of the symbols of fortune in BuddhismLotus
87%
CCountry where the highest percentage of the population are BuddhistsCambodia
86%
EWhat Buddha obtained in BEnlightenment
84%
KNotion about the course of a life depending on anterior deeds and actionsKarma
84%
RTerm for the rebirth or transmigration to another body after we die biologicallyReincarnation
79%
ZDoctrine that focuses on meditationZen
78%
JWhere Z is mostly practicedJapan
77%
SCross-shaped symbol representing Buddha's spirit
(Many mistake it for the Nazi symbol)
Swastika
77%
GName that follows SiddhārthaGautama
75%
OSacred sound that signifies the essence of the ultimate reality, consciousness or AtmanOm
68%
BTree under which Buddha found E{Bodhi} Tree
60%
PTiered structure containing Buddhist relicsPagoda
47%
WSymbol that mostly represents Buddhism; and is to represent knowledge{Wheel} of Dharma
47%
YOne of the major schools of M practices this Hindu spiritual practiceYoga
45%
MBranch of Buddhism that has the most followersMahāyāna
43%
UIndian state in which the cremation site of Buddha is believed to have taken placeUttar Pradesh
42%
TThe oldest and most conservative form of BuddhismTheravāda
38%
ALiteral meaning of "Buddha"The {Awaken} One
30%
FSpiritual and exercise movement founded by Li Hongzhi - who claims to be the BuddhaFalun Gong
29%
IOne of the three poisons of Buddhism - along with aversion and desireIgnorance
27%
VType of Buddhism that is practiced in Tibet and MongoliaVajrayāna
17%
QChinese meditative practices that are part of a spiritual path that leads "Buddhahood"Qigong
16%

Score Distribution

Percentile by Number Answered

Percent of People with Each Score

Your Score History

You have not taken this quiz